[Event "AUT-chT2M 2324"]
[Site "Austria"]
[Date "2023.12.03"]
[Round "5.5"]
[White "Trippold, Denise"]
[Black "Obermayr, Hermann"]
[Result "1/2-1/2"]
[WhiteElo "2161"]
[BlackElo "2081"]
[PlyCount "60"]
[EventDate "2023.11.03"]
[EventType "team-tourn"]
[EventRounds "11"]
[EventCountry "AUT"]
[SourceTitle "CB16_2024"]
[SourceDate "2024.04.17"]
[SourceVersion "1"]
[SourceVersionDate "2024.04.17"]
[SourceQuality "1"]
[WhiteTeam "Graz Schachfreunde"]
[BlackTeam "Grieskirchen"]
[WhiteTeamCountry "AUT"]
[BlackTeamCountry "AUT"]

1. d4 e6 2. c4 Nf6 3. Nf3 d5 4. e3 b6 5. Bd3 Bb7 6. 0-0 Nbd7 7. Nc3 Bd6 8. b3 0-0 9. Bb2 Ne4 10. Qc2 f5 11. Nb5 Ndf6 12. Nxd6 cxd6 13. Ne1 Rc8 14. f3 Ng5 15. Qd2 Nf7 16. Nc2 Rc7 17. Na3 a6 18. Nb1 Qa8 19. Nc3 Rd8 20. a4 dxc4 21. bxc4 d5 22. cxd5 Nxd5 23. Nxd5 Bxd5 24. Qe2 Bb7 25. e4 Nd6 26. Rae1 b5 27. axb5 axb5 28. exf5 exf5 29. Qe6+ Rf7 30. Qe5 Bd5 1/2-1/2

[Event "EU-chT (Women) 24th"]
[Site "Budva"]
[Date "2023.11.18"]
[Round "7.1"]
[White "Dolgova, Olga"]
[Black "Trippold, Denise"]
[Result "0-1"]
[WhiteElo "2218"]
[BlackElo "2161"]
[PlyCount "134"]
[EventDate "2023.11.11"]
[EventType "team-swiss"]
[EventRounds "9"]
[EventCountry "MNE"]
[SourceTitle "CB47_2023"]
[SourceDate "2023.11.22"]
[SourceVersion "1"]
[SourceVersionDate "2023.11.22"]
[SourceQuality "1"]
[WhiteTeam "Norway (W)"]
[BlackTeam "Austria (W)"]
[WhiteTeamCountry "NOR"]
[BlackTeamCountry "AUT"]

1. d4 Nf6 2. Bf4 d5 3. e3 e6 4. Nf3 Bd6 5. Bd3 c5 6. c3 0-0 7. Nbd2 b6 8. Bxd6 Qxd6 9. e4 Nxe4 10. Nxe4 dxe4 11. Bxe4 Nc6 12. 0-0 f5 13. Bc2 cxd4 14. Nxd4 Nxd4 15. Qxd4 Qxd4 16. cxd4 Rd8 17. Rfd1 Bb7 18. f3 Rac8 19. Rd2 Bd5 20. Kf2 Rc7 21. Ke3 Kf7 22. Bd3 Ke7 23. a4 a5 24. Bb5 Rdc8 25. Kd3 Kd6 26. Ra3 Bc4+ 27. Bxc4 Rxc4 28. Rc3 Kd5 29. Kc2 R8c6 30. Re2 Kxd4 31. Rd2+ Ke5 32. Rd7 Rxc3+ 33. bxc3 Kf6 34. Kd3 h6 35. f4 g5 36. g3 e5 37. fxe5+ Kxe5 38. Re7+ Re6 39. Rf7 Rd6+ 40. Ke3 Rc6 41. Re7+ Kf6 42. Rb7 Rxc3+ 43. Kd4 Rb3 44. Rh7 Kg6 45. Rc7 f4 46. gxf4 gxf4 47. Ke4 f3 48. Kf4 f2 49. Rc1 Rb4+ 50. Kg3 Rxa4 51. Kxf2 Rb4 52. Ke3 Kg5 53. Kd3 a4 54. Rg1+ Kh4 55. Kc2 b5 56. Rg6 h5 57. Kc3 Rb3+ 58. Kc2 Kh3 59. Rg5 h4 60. Rh5 Kg4 61. Rh8 b4 62. Rb8 Kh3 63. Rh8 Rc3+ 64. Kb1 a3 65. Ka2 Rc2+ 66. Ka1 b3 67. Ra8 Rc1# 0-1

[Event "Vienna Ottakring 100 Years"]
[Site "Vienna"]
[Date "2023.08.31"]
[Round "6"]
[White "Trippold, Denise"]
[Black "Morchiashvili, Bachana"]
[Result "0-1"]
[WhiteElo "2120"]
[BlackElo "2293"]
[PlyCount "94"]
[EventDate "2023.08.26"]
[EventType "swiss"]
[EventRounds "9"]
[EventCountry "AUT"]
[SourceTitle "EXT 2024"]
[Source "ChessBase"]
[SourceDate "2023.10.10"]
[SourceVersion "1"]
[SourceVersionDate "2023.10.10"]
[SourceQuality "1"]

1. d4 Nf6 2. c4 g6 3. Nc3 d5 4. cxd5 Nxd5 5. e4 Nxc3 6. bxc3 Bg7 7. h3 c5 8. Nf3 Nc6 9. Be3 Qa5 10. Bd2 e6 11. c4 Qa3 12. d5 Nb4 13. Rb1 exd5 14. cxd5 0-0 15. Bc4 Nd3+ 16. Ke2 Nb2 17. Qc2 Nxc4 18. Qxc4 b6 19. Kd1 Re8 20. Re1 Ba6 21. Qb3 Qxb3+ 22. Rxb3 Bc4 23. Ra3 Bb2 24. Rae3 Bxa2 25. Bc3 Bxc3 26. Rxc3 f5 27. Nd2 fxe4 28. Nxe4 Kg7 29. d6 Bd5 30. f3 c4 31. Rc1 Rad8 32. Ra1 a5 33. Kc2 Bxe4+ 34. fxe4 Rxd6 35. Kc3 Rc8 36. e5 Rd3+ 37. Kc2 Re8 38. Re4 Rg3 39. Rxc4 Rxe5 40. Rc7+ Kh6 41. Kd2 Rxg2+ 42. Kd3 Rh5 43. Rb7 Rxh3+ 44. Ke4 Rg4+ 45. Ke5 Re3+ 46. Kd5 Rg5+ 47. Kc6 Rh5 0-1

[Event "AUT-ch"]
[Site "Vienna"]
[Date "2023.07.30"]
[Round "9"]
[White "Trippold, Denise"]
[Black "Exler, Veronika"]
[Result "1/2-1/2"]
[WhiteElo "2120"]
[BlackElo "2153"]
[PlyCount "98"]
[EventDate "2023.07.22"]
[EventType "swiss"]
[EventRounds "9"]
[EventCountry "AUT"]
[SourceTitle "CBM 215 Extra"]
[Source "ChessBase"]
[SourceDate "2023.09.30"]
[SourceVersion "1"]
[SourceVersionDate "2023.09.30"]
[SourceQuality "1"]

1. c4 Nf6 2. Nf3 g6 3. Nc3 Bg7 4. e4 e5 5. Be2 0-0 6. 0-0 Re8 7. Re1 d6 8. h3 Nc6 9. d3 Nd4 10. Bf1 Nxf3+ 11. Qxf3 Nd7 12. Be3 c5 13. Qd1 Nf8 14. Qd2 Ne6 15. Nd5 b6 16. g3 Bb7 17. Bg2 Rf8 18. a3 Nd4 19. Rab1 a5 20. b4 axb4 21. axb4 Bxd5 22. cxd5 Qc7 23. Rb2 Ra3 24. bxc5 dxc5 25. Reb1 Rb8 26. Bxd4 cxd4 27. Rb3 Rxb3 28. Rxb3 Bf8 29. Qb2 Bc5 30. h4 Qd7 31. Qe2 Ra8 32. Rb1 Ra3 33. h5 Kg7 34. Kh2 Qa7 35. Rd1 b5 36. hxg6 hxg6 37. f4 Qe7 38. f5 b4 39. Rf1 Ra6 40. Qc2 gxf5 41. exf5 Rh6+ 42. Kg1 b3 43. Qxb3 Qg5 44. f6+ Rxf6 45. Rxf6 Qxf6 46. Qc2 Bb4 47. Be4 Qg5 48. Qf2 Kf8 49. Kg2 Ke7 1/2-1/2

[Event "Mitropa Cup (Women)"]
[Site "Mali Losinj"]
[Date "2023.04.18"]
[Round "8.9"]
[White "Sucikova, Svetlana"]
[Black "Trippold, Denise"]
[Result "1/2-1/2"]
[WhiteElo "2249"]
[BlackElo "2152"]
[PlyCount "159"]
[EventDate "2023.04.11"]
[EventType "team-tourn"]
[EventRounds "9"]
[EventCountry "CRO"]
[SourceTitle "CBM 213 Extra"]
[Source "ChessBase"]
[SourceDate "2023.05.31"]
[SourceVersion "1"]
[SourceVersionDate "2023.05.31"]
[SourceQuality "1"]
[WhiteTeam "Slovakia (W)"]
[BlackTeam "Austria (W)"]
[WhiteTeamCountry "SVK"]
[BlackTeamCountry "AUT"]

1. Nf3 Nf6 2. g3 b6 3. Bg2 Bb7 4. 0-0 e6 5. c4 Be7 6. Nc3 0-0 7. b3 d5 8. e3 c5 9. Bb2 Nbd7 10. d3 Rc8 11. Qe2 Qc7 12. Rac1 Qb8 13. e4 d4 14. Nd1 e5 15. Nh4 g6 16. Rc2 a6 17. a4 Bc6 18. Bc1 b5 19. axb5 axb5 20. f4 bxc4 21. bxc4 exf4 22. Bxf4 Ne5 23. Bh3 Bd7 24. Nf2 Bd6 25. Bxd7 Nexd7 26. Rb2 Qc7 27. Ng4 Nxg4 28. Qxg4 Rb8 29. Bxd6 Qxd6 30. Nf5 Qc7 31. Ne7+ Kg7 32. Rxb8 Rxb8 33. Nf5+ Kh8 34. Nh6 f6 35. Qe6 Kg7 36. Ng4 Rf8 37. Ra1 h5 38. Nf2 Ne5 39. Ra6 Qb7 40. Rb6 Qa7 41. Kg2 Qa2 42. Rb7+ Rf7 43. Rxf7+ Nxf7 44. Qe7 Qa3 45. h4 Qb4 46. g4 hxg4 47. Nxg4 Qd2+ 48. Nf2 Qf4 49. Qxc5 Ne5 50. Qxd4 Nf3 51. Qd7+ Kf8 52. Qg4 Nxh4+ 53. Kf1 Qc1+ 54. Qd1 Qg5 55. Ke2 Qf4 56. Qh1 g5 57. c5 Qe5 58. Qc1 Ng6 59. c6 Nf4+ 60. Kf1 Qc7 61. Qc5+ Ke8 62. Ng4 Nxd3 63. Nxf6+ Kf7 64. Qf5 Qxc6 65. Nd5+ Ke8 66. Qxg5 Qc1+ 67. Qxc1 Nxc1 68. Kf2 Nd3+ 69. Ke3 Nc5 70. Nf6+ Ke7 71. e5 Nd7 72. Nxd7 Kxd7 73. Kf4 Ke6 74. Ke4 Ke7 75. Kf5 Kf7 76. e6+ Ke7 77. Ke5 Ke8 78. Kf6 Kf8 79. e7+ Ke8 80. Ke6 1/2-1/2

[Event "AUT-chT2O 2223"]
[Site "Austria"]
[Date "2022.10.16"]
[Round "2.6"]
[White "Trippold, Denise"]
[Black "Hechl, Fabian"]
[Result "1-0"]
[WhiteElo "2146"]
[BlackElo "2017"]
[PlyCount "57"]
[EventDate "2022.10.15"]
[EventType "team-tourn"]
[EventRounds "11"]
[EventCountry "AUT"]
[SourceTitle "EXT 2024"]
[Source "ChessBase"]
[SourceDate "2023.10.10"]
[SourceVersion "1"]
[SourceVersionDate "2023.10.10"]
[SourceQuality "1"]
[WhiteTeam "Ottakring"]
[BlackTeam "Donaustadt"]
[WhiteTeamCountry "AUT"]
[BlackTeamCountry "AUT"]

1. d4 e6 2. c4 b6 3. Nf3 Bb7 4. g3 Bb4+ 5. Bd2 Bxf3 6. exf3 Bxd2+ 7. Qxd2 c5 8. Nc3 Nf6 9. dxc5 bxc5 10. Qg5 0-0 11. Qxc5 Na6 12. Qd6 Qa5 13. Be2 Rab8 14. Qd2 Nc5 15. Rd1 Na4 16. Nxa4 Qxa4 17. b3 Qa3 18. 0-0 a5 19. Bd3 Rfc8 20. Rfe1 a4 21. Bc2 d5 22. cxd5 Nxd5 23. bxa4 Rb2 24. Qd3 Qc5 25. Qxh7+ Kf8 26. Rxd5 Qxc2 27. Qh8+ Ke7 28. Qh4+ Ke8 29. Qd4 1-0

[Event "Olympiad Women-44"]
[Site "Chennai"]
[Date "2022.08.01"]
[Round "4.2"]
[White "Perez, Dalila"]
[Black "Trippold, Denise"]
[Result "1/2-1/2"]
[WhiteElo "1799"]
[BlackElo "2151"]
[PlyCount "193"]
[EventDate "2022.07.29"]
[EventType "team-swiss"]
[EventRounds "11"]
[EventCountry "IND"]
[SourceTitle "CBM 210"]
[Source "ChessBase"]
[SourceDate "2022.10.31"]
[SourceVersion "1"]
[SourceVersionDate "2022.10.31"]
[SourceQuality "1"]
[WhiteTeam "Paraguay (W)"]
[BlackTeam "Austria (W)"]
[WhiteTeamCountry "PAR"]
[BlackTeamCountry "AUT"]

1. d4 Nf6 2. Nf3 e6 3. g3 d5 4. Bg2 b5 5. 0-0 Nbd7 6. a4 b4 7. c4 bxc3 8. bxc3 Ba6 9. Ba3 Bd6 10. Nbd2 0-0 11. Re1 Rb8 12. Qc1 Qe7 13. e4 Nxe4 14. Nxe4 dxe4 15. Bxd6 cxd6 16. Rxe4 Rfc8 17. Qc2 h6 18. Rh4 Bb7 19. Rc1 Bd5 20. Qe2 Bxf3 21. Qxf3 d5 22. Qe3 Qg5 23. Rf4 Rb3 24. h4 Qd8 25. Rf3 Nb6 26. Qf4 Qc7 27. Qd2 Nc4 28. Qd1 Rcb8 29. Bf1 Qa5 30. Bd3 Nb2 31. Qc2 Qxa4 32. Kg2 Nxd3 33. Qxd3 Rc8 34. Qd1 Qb5 35. g4 Rb2 36. Ra1 a5 37. Re3 g6 38. Qc1 Ra8 39. Rf3 Kg7 40. Qf4 Ra7 41. Qf6+ Kh7 42. h5 g5 43. Qe5 Qe8 44. Qe3 Qe7 45. Qc1 Rbb7 46. Ra4 Kg7 47. Qa1 Qc7 48. Qa2 Qb6 49. Qe2 Qd6 50. Qa2 Qb6 51. Qe2 Qb5 52. Qe5+ Kh7 53. Rf6 Ra8 54. Ra3 a4 55. c4 Qc6 56. c5 Qc7 57. Qe3 Rb4 58. Rf3 Ra7 59. Qc3 Rc4 60. Qd3+ Kg7 61. Qe3 Rb7 62. Qd2 Rb1 63. Rac3 Rcb4 64. Qe3 Ra1 65. Qe5+ Qxe5 66. dxe5 Rb7 67. c6 Rc7 68. Rfd3 Rb1 69. Rd4 Rb6 70. Rxa4 Rbxc6 71. Re3 Rc4 72. Rxc4 Rxc4 73. Kf3 Rf4+ 74. Kg3 f6 75. exf6+ Kxf6 76. Rf3 e5 77. Ra3 d4 78. Ra6+ Ke7 79. Rxh6 d3 80. Rh7+ Ke6 81. Rh6+ Kd5 82. Rh8 Rd4 83. Kf3 Rf4+ 84. Ke3 Rxg4 85. Kxd3 Rh4 86. h6 Rh3+ 87. Ke2 Ke6 88. h7 Kf7 89. Rg8 Rxh7 90. Rxg5 Kf6 91. Rg3 Ra7 92. Rb3 Kf5 93. Ke3 Rh7 94. Rb4 Rh3+ 95. Ke2 e4 96. Rb8 Ra3 97. Rf8+ 1/2-1/2

[Event "Graz"]
[Site "Graz"]
[Date "2022.05.28"]
[Round "7"]
[White "Dotzer, Lukas"]
[Black "Trippold, Denise"]
[Result "1-0"]
[WhiteElo "2180"]
[BlackElo "2147"]
[PlyCount "109"]
[EventDate "2022.05.20"]
[EventType "tourn"]
[EventRounds "9"]
[EventCountry "AUT"]
[EventCategory "1"]
[SourceTitle "CBM 208 Extra"]
[Source "ChessBase"]
[SourceDate "2022.07.31"]
[SourceVersion "1"]
[SourceVersionDate "2022.07.31"]
[SourceQuality "1"]

1. e4 c5 2. Nf3 e6 3. d4 cxd4 4. Nxd4 Nc6 5. Nc3 a6 6. Be2 Qc7 7. 0-0 Nf6 8. Be3 Be7 9. f4 d6 10. Qe1 0-0 11. Qg3 Nxd4 12. Bxd4 b5 13. e5 dxe5 14. Bxe5 Qb6+ 15. Kh1 Bb7 16. Bd3 Nh5 17. Qh3 g6 18. Ne2 Rad8 19. Ng3 Ng7 20. Rae1 f6 21. Bc3 b4 22. Bd2 f5 23. Ne2 Bd5 24. Be3 Qb7 25. Bd4 Nh5 26. Be5 Nf6 27. Nd4 Ng4 28. Nf3 Bc5 29. Bd4 Bxd4 30. Nxd4 Qb6 31. c3 Rc8 32. Be2 Nf6 33. Qe3 Qb7 34. Bf3 Ne4 35. Rc1 bxc3 36. bxc3 Rc4 37. Be2 Ra4 38. c4 Bc6 39. Rc2 Qd7 40. Rd1 Qc8 41. Kg1 Ba8 42. c5 Rb4 43. Bc4 Bd5 44. Bxd5 exd5 45. c6 Rf7 46. Qa3 Rc4 47. Rxc4 dxc4 48. Qb4 c3 49. Qc4 Qb8 50. h3 a5 51. Ne6 Qb6+ 52. Kh2 Nd2 53. Qxc3 Re7 54. Rxd2 Rxe6 55. c7 1-0

[Event "Graz"]
[Site "Graz"]
[Date "2022.05.21"]
[Round "2"]
[White "Baidetsky, Valentin"]
[Black "Trippold, Denise"]
[Result "1-0"]
[WhiteElo "2435"]
[BlackElo "2147"]
[PlyCount "105"]
[EventDate "2022.05.20"]
[EventType "tourn"]
[EventRounds "9"]
[EventCountry "AUT"]
[EventCategory "1"]
[SourceTitle "CBM 208 Extra"]
[Source "ChessBase"]
[SourceDate "2022.07.31"]
[SourceVersion "1"]
[SourceVersionDate "2022.07.31"]
[SourceQuality "1"]

1. Nf3 d5 2. g3 Nf6 3. Bg2 e6 4. 0-0 Be7 5. c4 0-0 6. b3 b6 7. Bb2 c5 8. cxd5 Nxd5 9. d4 Bb7 10. dxc5 Bxc5 11. Nbd2 Nd7 12. Nc4 b5 13. Nce5 Nxe5 14. Nxe5 Qe7 15. Nd3 Ba3 16. Bxa3 Qxa3 17. Qc1 Qxc1 18. Rfxc1 Rac8 19. Rc5 Rxc5 20. Nxc5 Ba8 21. Bxd5 Bxd5 22. f3 Rc8 23. Rc1 f5 24. f4 Kf7 25. Kf2 h6 26. Ke3 g5 27. b4 gxf4+ 28. gxf4 Ke7 29. Rg1 a5 30. a3 axb4 31. axb4 Kf7 32. Ra1 Rc7 33. Kd4 Kf6 34. Ra3 Bc4 35. Rh3 Rh7 36. e3 Bf1 37. Rg3 Ra7 38. Rg8 Ra2 39. Rg1 Bc4 40. Nd7+ Ke7 41. Rg7+ Kd8 42. Ne5 Rc2 43. h4 Bd5 44. Rh7 Be4 45. Rxh6 Rd2+ 46. Kc5 Rd5+ 47. Kb6 Ke7 48. Rh7+ Kf8 49. Rd7 Rxd7 50. Nxd7+ Kg7 51. Kxb5 Kh6 52. Kc5 Bf3 53. Kd6 1-0

[Event "Mitropa Cup (Women)"]
[Site "Corte"]
[Date "2022.05.04"]
[Round "5.2"]
[White "Trippold, Denise"]
[Black "Navrotescu, Andreea Cristiana"]
[Result "0-1"]
[WhiteElo "2131"]
[BlackElo "2275"]
[PlyCount "70"]
[EventDate "2022.04.30"]
[EventType "team-tourn"]
[EventRounds "9"]
[EventCountry "FRA"]
[SourceTitle "CBM 208 Extra"]
[Source "ChessBase"]
[SourceDate "2022.07.31"]
[SourceVersion "1"]
[SourceVersionDate "2022.07.31"]
[SourceQuality "1"]
[WhiteTeam "Austria (W)"]
[BlackTeam "France (W)"]
[WhiteTeamCountry "AUT"]
[BlackTeamCountry "FRA"]

1. c4 f5 2. g3 Nf6 3. Bg2 e5 4. Nc3 Bb4 5. Nd5 Bc5 6. e3 c6 7. Nc3 d6 8. Nge2 Be6 9. b3 0-0 10. 0-0 Bb6 11. d4 e4 12. Ba3 Bf7 13. f3 Re8 14. fxe4 fxe4 15. Rf4 d5 16. cxd5 Bxd5 17. Qc2 Bc7 18. Rff1 Ng4 19. Qd2 Nd7 20. Nf4 Ndf6 21. h3 Nh6 22. Rac1 Qd7 23. Qf2 Nf7 24. Rc2 Ng5 25. g4 Ba5 26. Nce2 Nf3+ 27. Bxf3 exf3 28. Ng3 Ne4 29. Nxe4 Bxe4 30. Rcc1 Bc7 31. Nh5 a5 32. Ng3 Bxg3 33. Qxg3 a4 34. Qd6 Qf7 35. b4 Qxa2 0-1

[Event "Mitropa Cup (Women)"]
[Site "Corte"]
[Date "2022.05.02"]
[Round "3.2"]
[White "Berke, Ana"]
[Black "Trippold, Denise"]
[Result "1/2-1/2"]
[WhiteElo "2142"]
[BlackElo "2131"]
[PlyCount "201"]
[EventDate "2022.04.30"]
[EventType "team-tourn"]
[EventRounds "9"]
[EventCountry "FRA"]
[SourceTitle "CBM 208 Extra"]
[Source "ChessBase"]
[SourceDate "2022.07.31"]
[SourceVersion "1"]
[SourceVersionDate "2022.07.31"]
[SourceQuality "1"]
[WhiteTeam "Croatia (W)"]
[BlackTeam "Austria (W)"]
[WhiteTeamCountry "CRO"]
[BlackTeamCountry "AUT"]

1. e4 c5 2. Nf3 e6 3. c4 Nc6 4. d4 cxd4 5. Nxd4 Nf6 6. Nc3 Bb4 7. Nxc6 bxc6 8. Bd3 e5 9. 0-0 0-0 10. Qc2 Bc5 11. Bg5 h6 12. Bh4 d6 13. Rab1 Rb8 14. a3 a5 15. Na4 Bd4 16. b4 axb4 17. axb4 g5 18. Bg3 Nh5 19. Nc3 Be6 20. Ne2 c5 21. Nxd4 cxd4 22. c5 Nxg3 23. hxg3 dxc5 24. bxc5 Qc7 25. c6 Rfc8 26. Rxb8 Qxb8 27. Rc1 Qc7 28. Qc5 Kh7 29. f4 gxf4 30. gxf4 exf4 31. e5+ Kh8 32. Qxd4 Rg8 33. Qxf4 Rg5 34. Qb4 Kg8 35. Qd6 Qb6+ 36. Qc5 Qc7 37. Re1 Kg7 38. Re3 Kg8 39. Kf2 Rg4 40. Rg3 Rxg3 41. Kxg3 Qd8 42. Qe3 Kg7 43. Be4 Qb8 44. Qf4 Qb3+ 45. Bf3 Qc3 46. Kh2 Qc5 47. Qf6+ Kg8 48. Kg3 Qc3 49. Kh2 Qc5 50. g3 Qc2+ 51. Bg2 Kh7 52. Qf3 Kg8 53. Qe4 Qc3 54. Qf4 Kg7 55. g4 Kg8 56. Qg3 Qc1 57. Qf3 Qc4 58. Kg3 Qc1 59. Qe4 Qc5 60. Kh2 Qc3 61. Qf4 Qc5 62. Be4 Qc3 63. Bf3 Qc5 64. Bg2 Qc3 65. Qe4 Qc5 66. Kg3 Qc1 67. Kf2 Qd2+ 68. Kg3 Qc1 69. Qe2 Qc3+ 70. Kh2 Qc5 71. Qe4 Qc3 72. Bf3 Qc1 73. Kg2 Qc5 74. Qf4 Qc2+ 75. Kg3 Qc3 76. Qxh6 Qxe5+ 77. Qf4 Qe1+ 78. Kg2 Qc3 79. c7 Qc2+ 80. Kg3 Qc3 81. Kh2 Qb2+ 82. Bg2 Qh8+ 83. Kg3 Qc3+ 84. Bf3 Qe1+ 85. Kg2 Qc3 86. g5 Qc2+ 87. Kg3 Qc3 88. Qd6 Qe1+ 89. Kg2 Qc1 90. Qd8+ Kg7 91. Qf6+ Kg8 92. Qe5 Qc2+ 93. Kg3 Qc1 94. g6 Qg1+ 95. Bg2 Qc1 96. gxf7+ Kxf7 97. Bd5 Qg1+ 98. Bg2 Qc1 99. Bd5 Qg1+ 100. Kf3 Qf1+ 101. Kg3 1/2-1/2

[Event "AUT-chT (Women) 2122"]
[Site "Austria"]
[Date "2022.04.23"]
[Round "9.4"]
[White "Majkovski, Sarah"]
[Black "Trippold, Denise"]
[Result "0-1"]
[WhiteElo "1631"]
[BlackElo "2145"]
[PlyCount "80"]
[EventDate "2021.11.06"]
[EventType "team-tourn"]
[EventRounds "9"]
[EventCountry "AUT"]
[SourceTitle "EXT 2024"]
[Source "ChessBase"]
[SourceDate "2023.10.10"]
[SourceVersion "1"]
[SourceVersionDate "2023.10.10"]
[SourceQuality "1"]
[WhiteTeam "Lienz (W)"]
[BlackTeam "Baden (W)"]
[WhiteTeamCountry "AUT"]
[BlackTeamCountry "AUT"]

1. e4 c5 2. Nf3 e6 3. d4 cxd4 4. Nxd4 Nc6 5. Nc3 Qc7 6. Be3 a6 7. f3 Nf6 8. Qd2 Be7 9. 0-0-0 b5 10. Nxc6 dxc6 11. g4 e5 12. g5 Nh5 13. Qf2 0-0 14. h4 Be6 15. Bb6 Qb7 16. Bh3 Bxh3 17. Rxh3 a5 18. Rh2 a4 19. Bc5 b4 20. Nb1 Nf4 21. Bxe7 Qxe7 22. Qg1 c5 23. Qg4 c4 24. h5 b3 25. a3 bxc2 26. Kxc2 Qb7 27. Nd2 Rab8 28. Rb1 c3 29. bxc3 Qa6 30. Qd7 Rbd8 31. Qb5 Qd6 32. Nc4 Qd3+ 33. Kb2 Rb8 34. Ka1 Rxb5 35. Rxb5 Qxc4 36. Rhb2 Qxc3 37. Kb1 Nd3 38. Rc2 Qe1+ 39. Ka2 Nc1+ 40. Kb2 Nb3 0-1

[Event "AUT-chT (Women) 2122"]
[Site "Austria"]
[Date "2022.03.25"]
[Round "5.4"]
[White "Wunderl, Eva"]
[Black "Trippold, Denise"]
[Result "1/2-1/2"]
[WhiteElo "1898"]
[BlackElo "2145"]
[PlyCount "60"]
[EventDate "2021.11.06"]
[EventType "team-tourn"]
[EventRounds "9"]
[EventCountry "AUT"]
[SourceTitle "EXT 2023"]
[Source "ChessBase"]
[SourceDate "2022.10.05"]
[SourceVersion "1"]
[SourceVersionDate "2022.10.05"]
[SourceQuality "1"]
[WhiteTeam "Schach ohne Grenzen (W)"]
[BlackTeam "Baden (W)"]
[WhiteTeamCountry "AUT"]
[BlackTeamCountry "AUT"]

1. e4 e6 2. d4 d5 3. Nd2 c5 4. Ngf3 cxd4 5. exd5 Qxd5 6. Bc4 Qd7 7. 0-0 Nc6 8. Nb3 Nf6 9. Nbxd4 Nxd4 10. Nxd4 a6 11. Re1 Bc5 12. Be3 0-0 13. c3 Qc7 14. Qe2 e5 15. Nc2 Bg4 16. Qf1 Rad8 17. h3 Bh5 18. Be2 Bg6 19. Bxc5 Qxc5 20. Ne3 Ne4 21. Red1 h6 22. Rxd8 Rxd8 23. Rd1 Rd6 24. Rxd6 Qxd6 25. Qd1 Qb6 26. Qb3 Qxb3 27. axb3 Nc5 28. Nc4 Bd3 29. Bd1 f6 30. f3 Kf8 1/2-1/2

[Event "Steyr Landesliga 2122"]
[Site "Austria"]
[Date "2022.03.19"]
[Round "4.3"]
[White "Almer, Gerald"]
[Black "Trippold, Denise"]
[Result "1-0"]
[WhiteElo "2127"]
[BlackElo "2046"]
[PlyCount "125"]
[EventDate "2021.10.16"]
[EventType "team-tourn"]
[EventRounds "11"]
[EventCountry "AUT"]
[SourceTitle "EXT 2023"]
[Source "ChessBase"]
[SourceDate "2022.10.05"]
[SourceVersion "1"]
[SourceVersionDate "2022.10.05"]
[SourceQuality "1"]
[WhiteTeam "Feldbach Kirchberg"]
[BlackTeam "Graz Schachgesellschaft"]
[WhiteTeamCountry "AUT"]
[BlackTeamCountry "AUT"]

1. b3 d5 2. Bb2 c5 3. e3 Nf6 4. Nf3 e6 5. c4 Nc6 6. cxd5 exd5 7. d4 Bd6 8. Bb5 0-0 9. 0-0 Bg4 10. Bxc6 bxc6 11. dxc5 Bxc5 12. Qc2 Ne4 13. Nc3 Bxf3 14. Nxe4 Bxe4 15. Qxc5 Re8 16. f3 Bf5 17. Bd4 Bd7 18. Rad1 Rb8 19. Qc3 f6 20. Bxa7 Ra8 21. Qc5 Qe7 22. a4 Bf5 23. Qxe7 Rxe7 24. Bb6 Bc2 25. Rc1 Bxb3 26. a5 Bc4 27. Rfd1 Re6 28. Ra1 Kf7 29. Rd4 Bb5 30. Kf2 Ba6 31. Rb4 Bb5 32. Ke1 Re5 33. Kd2 Re7 34. Kc3 Re5 35. Kd4 Re6 36. Ra3 Ba6 37. Kc5 Rc8 38. Ba7 Re7 39. Bb8 Bb5 40. Bd6 Ra7 41. Rxb5 cxb5+ 42. Kb6 Rd7 43. Bg3 b4 44. Rb3 Ra8 45. Rxb4 Rda7 46. Ra4 Ra6+ 47. Kb5 Ke6 48. Bc7 h5 49. Bb6 g5 50. Rd4 Ke5 51. g3 Ke6 52. Rd2 Ke5 53. Rd1 Ke6 54. Rc1 Kd7 55. Rc7+ Ke6 56. Rh7 g4 57. f4 Kf5 58. Rxh5+ Ke4 59. Rh6 Kf5 60. Rh7 Ke4 61. Rf7 Kf5 62. Rg7 Ke4 63. Rxg4 1-0